| 000 | 00728nam a2200229Ia 4500 | ||
|---|---|---|---|
| 001 | 244 | ||
| 003 | GE_BSU | ||
| 008 | 181216s||||||||xx |||||||||||||| ||und|| | ||
| 020 | _a9789994087594 | ||
| 040 | _cGE_BSU | ||
| 080 | _a339.924 + 330.1 + 316.32 | ||
| 100 | _aასათიანი,როზეტა | ||
| 245 | _aგლობალიზაცია,ეკონომიკური თეორია და საქართველო | ||
| 260 | _aთბილისი | ||
| 260 | _bსიახლე | ||
| 260 | _c2010 | ||
| 300 | _a84 გვ. | ||
| 541 | _h15 ლ. | ||
| 653 | _aგლობალიზაცია | ||
| 653 | _aეკონომიკური თეორია | ||
| 942 | _cBK | ||
| 999 |
_c34495 _d34495 |
||